| 000 | 00482nam a2200193Ia 4500 | ||
|---|---|---|---|
| 005 | 20240823031349.0 | ||
| 008 | 240823s9999||||xx |||||||||||||| ||und|| | ||
| 020 | _a978-00-7066-763-1 | ||
| 041 | _aENGLISH | ||
| 082 | _A005.1 P8 | ||
| 100 | _aWaman S Jawadekar | ||
| 245 | 0 | _aSoftware Engineering A Primer | |
| 250 | _a1st | ||
| 260 |
_c2008 _b"Tata Mcgraw Hill,New " |
||
| 500 | _aYES | ||
| 650 |
_aSoftware Engineering _bComputer Science |
||
| 942 | _cBK | ||
| 999 |
_c190891 _d190891 |
||